Non-muslim countries - sudden death - Statistics

General Stats
  • This quiz has been taken 55 times
  • The average score is 6 of 7
Answers on the Grid
Answers color-coded by a green-red scale on the quiz's grid according to % correct below.
Usa
Bangladesh
Uk
Morocco
Hungary
Bolivia
Saudi Arabia
Iraq
Seychelles
Ethiopia
Guinea
Liberia
 
Answer Stats
Answer % Correct
Uk
98%
Bolivia
96%
Usa
96%
Hungary
94%
Liberia
73%
Ethiopia
65%
Seychelles
63%
No matching quizzes found
Score Distribution
Percent of People with Each Score
Percentile by Number Answered
Your Score History
You have not taken this quiz